01246nam a2200337 a 4500001000700000003000900007005001700016007000300033008003000036020001400066040003000080082002600110100004200136245007300178260000900251264003800260300005200298336002700350337003800377338003200415490002600447590002600473600008400499650006100583650003700644650003600681910003900717942001200756952012300768999001700891000563DO-SdBPM20250613103942.0ta090819s1985 sp 000 spa d a843102977 aDO-SdBPMbspacBPMSUerda 4a741.5bS717t 19852221 aSotillos, Eugenio d1919 -2005eautor14aLos tres mosqueteros / cAlejandro Dumas ; adaptación E. sotillos  b c  aMadrid :bEdiciones Toray, c1985 avarias paginaciones bilustraciones ;c25 cm.  atextobtxt2rdacontent asin mediación bn2rdamediacion avolumen bnc2 rdacarrier 0 aGrandes aventuras,v2 aInventariado, 2025/VM14aDumas, Alejandro, d1802-1870tTres mosqueteros vAdaptaciones gráficas.  4aNovela de aventurasxTiras cómicas, historietas, etc  4aNovela gráficas española v  4aMosqueteros vNovela gráfica. aVMateo V. Control de calidad BPMSU 2ddccBK 00102ddc708CJ-GaBPMETbBPMETd2025-06-13l0oBPMSU CJG 741.5 S717t 1985pBPMSU25060054r2025-06-13w2025-06-13yBK c15170d15170